| 000 | 00669nam a2200217 a 4500 | ||
|---|---|---|---|
| 005 | 20230622063528.0 | ||
| 008 | 081104s1988 es r 000 0 spa d | ||
| 020 | _a8426123562 | ||
| 035 | _aUPN01000164900 | ||
| 049 | _aI | ||
| 050 | 4 |
_aPZ76.3 _bA4.8 |
|
| 100 | 1 |
_aAlcántara, Ricardo, _d1946- _930578 |
|
| 245 | 1 | 3 |
_aEl viaje de los pájaros / _cRicardo Alcántara ; il. Asun Esteban. |
| 260 |
_aBarcelona, Esp. : _bJuventud, _c1988. |
||
| 300 |
_a[30] p. : _bprincipalmente il. col. |
||
| 440 | 0 | _aCuadrada | |
| 650 | 4 |
_aCUENTOS INFANTILES URUGUAYOS _911547 |
|
| 650 | 7 |
_aAves _vCuentos y leyendas _2 _94118 |
|
| 700 | 1 |
_aEsteban, Asun, _eil. |
|
| 905 | _aInfantil | ||
| 999 |
_c137012 _d137012 |
||